00413nam a2200133Ia 450000500170000000800410001702000150005808200130007310000170008624500580010326000470016130000130020850000580022120250509034100.0240331s9999 xx 000 0 und d a9559008277 bATUa891 aAthukorala,D 0aSatutin devi gewana maga ha sith thawulen midena maga aColombobSikasha mandhira publishersc2001 a236 p ., aTranslation of How To stop worrying and start living